Chinas military reforms (Record no. 1081217)

MARC details
000 -LEADER
fixed length control field 00662nam a2200217Ia 4500
003 - CONTROL NUMBER IDENTIFIER
control field OSt
005 - DATE AND TIME OF LATEST TRANSACTION
control field 20250925143754.0
008 - FIXED-LENGTH DATA ELEMENTS--GENERAL INFORMATION
fixed length control field 221006b |||||||| |||| 00| 0 eng d
020 ## - INTERNATIONAL STANDARD BOOK NUMBER
International Standard Book Number 081337216X
037 ## - SOURCE OF ACQUISITION
Terms of availability Textual
040 ## - CATALOGING SOURCE
Original cataloging agency EASL
Transcribing agency EASL
Language of cataloging eng
041 ## - LANGUAGE CODE
Source of code eng
Language code of text/sound track or separate title eng
100 ## - MAIN ENTRY--PERSONAL NAME
Personal name LOVEJOY Charles D Ed.
9 (RLIN) 653102
245 #0 - TITLE STATEMENT
Title Chinas military reforms
260 ## - PUBLICATION, DISTRIBUTION, ETC.
Place of publication, distribution, etc. Boulder
Name of publisher, distributor, etc. Westview
Date of publication, distribution, etc. 1986
300 ## - PHYSICAL DESCRIPTION
Extent 142p.
Dimensions cm.
490 ## - SERIES STATEMENT
Volume/sequential designation CEL
Series statement Westview special studies in military affairs
700 ## - ADDED ENTRY--PERSONAL NAME
Personal name WATSON Bruce W
9 (RLIN) 653103
942 ## - ADDED ENTRY ELEMENTS (KOHA)
Classification part V41:594.N8, M6
Koha item type Textual
Source of classification or shelving scheme Colon Classification (CC)
Suppress in OPAC No
Holdings
Withdrawn status Lost status Source of classification or shelving scheme Damaged status Not for loan Collection Home library Current library Shelving location Date acquired Cost, normal purchase price Serial Enumeration / chronology Total Checkouts Full call number Barcode Date last seen Date last checked out Cost, replacement price Price effective from Koha item type
    Colon Classification (CC)     Chinese English Language Department of East Asian Studies Library Department of East Asian Studies Library General Stacks 2022-10-06 562.00 CEL 5 V41:594.N8 M6 EA1009189 2025-10-28 2025-10-06 562.00 2022-10-06 Textual
Copyright @ Delhi University Library System